Sudden Death - Which animals do not kill lots of humans? - Statistics

General Stats
  • This quiz has been taken 839 times
  • The average score is 5 of 15
Answers on the Grid
Answers color-coded by a green-red scale on the quiz's grid according to % correct below.
Assassin Bug
Beetle
Black Mamba
Cat
Cow
Crocodile
Crow
Dog
Eagle
Elephant
Giraffe
Hippo
Horny Dragon
Horse
Human
Lemon Shark
Lionfish
Many-banded Krait
Mosquito
Pigeon
Rabbit
Roundworm
Saw-scaled Viper
Scarlet Kingsnake
Scorpion
Slugs
Squirrel
Tsetse Fly
Vulture
Water Snails
 
Answer Stats
Answer % Correct
Pigeon
51%
Squirrel
49%
Rabbit
47%
Crow
44%
Cat
43%
Slugs
42%
Beetle
39%
Giraffe
39%
Eagle
33%
very few attacks, no deaths on record Lemon Shark
28%
Vulture
28%
Cow
24%
Horse
21%
Horny Dragon
20%
Scarlet Kingsnake
7%
No matching quizzes found
Score Distribution
Percent of People with Each Score
Percentile by Number Answered
Your Score History
You have not taken this quiz